| 000 | 00828nmm a2200277 a 4500 | ||
|---|---|---|---|
| 001 | ocm000570990 | ||
| 003 | TR-IsHL | ||
| 005 | 20201028121704.0 | ||
| 008 | 130705s2005 tu tur | ||
| 007 | cr cn | ||
| 020 | _a9789758525560 | ||
| 035 |
_a570990 _b(N$T) |
||
| 050 | 0 | 4 |
_aPL248.T34 _bK4 2005 |
| 090 | 0 | 4 |
_aPL248.T34 _bK4 2005 |
| 100 | 1 | _aTahmaz, Hüseyin | |
| 245 | 1 | 0 |
_aKeşişleme _h[electronic resource] / _cHüseyin Tahmaz |
| 250 | _a1. bs. | ||
| 260 |
_aİstanbul : _bArı Sanat Yayınları, _c2005 |
||
| 300 | _a160 p. | ||
| 650 | 4 | _aDil ve Edebiyat | |
| 650 | 4 | _aLanguage and Literature | |
| 650 | 0 | _aTürk şiiri | |
| 650 | 0 | _aTurkish poetry | |
| 650 | 7 |
_aPOETRY / Middle Eastern _2bisacsh |
|
| 856 | 4 | 0 | _uhttp://search.ebscohost.com/login.aspx?direct=true&scope=site&db=e011xww&AN=570990 |
| 999 |
_c1462 _d1462 |
||